| 000 | 00546nam a2200193Ia 4500 | ||
|---|---|---|---|
| 008 | 151121s9999||||xx |||||||||||||| ||und|| | ||
| 082 | _a323।2/KHO | ||
| 082 | _bHNW-25041 | ||
| 100 | _aKhodwe Achyut-Edi। | ||
| 245 | 4 | _aThe People's Movement In Hyderabad | |
| 260 | _b"Bhagwanrao K।, Chanda Pra। Nanded" | ||
| 260 | _c-- | ||
| 300 | _a175 | ||
| 600 | _aKhodwe Achyut-Edi। | ||
| 630 | _aThe People's Movement In Hyderabad | ||
| 700 | _aKhodwe Achyut-Edi। | ||
| 730 | _aThe People's Movement In Hyderabad | ||
| 942 | _cBOOK | ||
| 999 |
_c1222814 _d1222811 |
||